Perkahwinan campur dan hubungannya dengan kebahagiaan keluarga : kajian di Selangor /
محفوظ في:
| المؤلف الرئيسي: | |
|---|---|
| التنسيق: | أطروحة كتاب |
| اللغة: | Malay |
| الموضوعات: | |
| الوصول للمادة أونلاين: | http://studentsrepo.um.edu.my/11510/ |
| الوسوم: |
إضافة وسم
لا توجد وسوم, كن أول من يضع وسما على هذه التسجيلة!
|
| LEADER | 01689cam a2200373 a 4500 | ||
|---|---|---|---|
| 001 | u552208 | ||
| 003 | SIRSI | ||
| 008 | 920916s2011 my a t 000 0 may m | ||
| 040 | |a UMA |d UMM |d AUM |e rda | ||
| 043 | |a a-my-se | ||
| 090 | |a BP42 |b A1 UM 2011 Nurhj | ||
| 094 | |a BP42 |b A1 UM 2011 Nurhj | ||
| 100 | 0 | |a Nurzahidah Haji Jaapar |e author. | |
| 245 | 1 | 0 | |a Perkahwinan campur dan hubungannya dengan kebahagiaan keluarga : |b kajian di Selangor / |c Nurzahidah Haji Jaapar. |
| 264 | 1 | |c 2011. | |
| 264 | 4 | |c 2011. | |
| 300 | |a xix, 251 leaves : |b illustrations ; |c 30 cm. | ||
| 336 | |a text |2 rdacontent | ||
| 337 | |a unmediated |2 rdamedia | ||
| 338 | |a volume |2 rdacarrier | ||
| 500 | |a Diselia oleh Prof Madya Dr Raihanah Haji Azahari. | ||
| 502 | |a Dissertation (M.Syariah) -- Jabatan Fiqh dan Usul, Akademi Pengajian Islam, Universiti Malaya, 2011. | ||
| 504 | |a Bibliography: leaves 201-213. | ||
| 650 | 0 | |a Intermarriage |z Selangor. | |
| 650 | 0 | |a Interracial marriage |z Selangor. | |
| 650 | 0 | |a Intercountry marriage |z Selangor. | |
| 710 | 2 | |a Universiti Malaya. |b Jabatan Fiqh dan Usul. | |
| 856 | 4 | 1 | |u http://studentsrepo.um.edu.my/11510/ |
| 900 | |a JAR | ||
| 596 | |a 1 12 18 25 | ||
| 999 | |a BP42 A1 UM 2011 NURHJ |w LC |c 1 |i A514865734 |d 12/11/2019 |e 12/11/2019 |f 9/2/2012 |g 1 |l STACKS |m P12ISLAMKL |n 11 |r Y |s Y |t TESIS |u 9/2/2012 | ||
| 999 | |a BP42 A1 UM 2011 NURHJ |w LC |c 1 |i A512993354 |l RESERVES |m P18ISLPURI |r Y |s Y |t TESIS |u 15/1/2012 | ||
| 999 | |a BP42 A1 UM 2011 NURHJ |w LC |c 1 |i A514962546 |d 21/12/2018 |e 21/12/2018 |f 27/11/2012 |g 1 |l STACKS |m P01UTAMA |n 28 |r Y |s Y |t TESIS |u 27/11/2012 | ||
| 999 | |a BP42 A1 UM 2011 NURHJ |w LC |c 1 |i A517296609 |f 22/7/2020 |g 1 |l STACKS |m P25UMARCHI |r N |s Y |t CD |u 22/7/2020 |1 AHSS |o .STAFF. MST-CD376 | ||
